LEADER 01584nam a2200325 u 4500 001 000000074630 003 CaOOAMICUS 005 20070226122501.0 008 021212s1994 gw u000 u ger u 020 $a3525562799 035 $a10948462 040 $aPUL$bita 100 1 $aAssel, Heinrich.$0(OLS)http://pul/name/49494 245 14$aDer andere Aufbruch :$bdie Lutherrenaisance-Ursprünge, Aporien und Wege : Karl Holl, Emmanuel Hirsch, Rudolf Hermann (1910-1935) /$cHeinrich Assel. 260 $aGöttingen :$bVandenhoeck & Ruprecht,$cc1994. 300 $a528 p. ;$c30 cm 490 1 $aForschungen zur systematischen und ökumenischen Theologie ;$vBd. 72 500 $aContiene indici. 504 $a"Quellen und Literatur": p. 493-512. 600 14$aHoll, Karl,$d1866-1926.$0(OLS)http://pul/subject/26037 600 14$aHirsch, Emanuel.$0(OLS)http://pul/subject/26038 600 14$aHermann, Rudolf.$0(OLS)http://pul/subject/26039 830 0$aForschungen zur systematischen und ökumenischen Theologie ;$vBd. 72.$0(OLS)http://pul/title/97968 850 $aPUL 852 $aPUL$W1$xSL Religione 1$y3$m59 L 72$j96227$nBK-PRI$b $qStampati$B96227$CPULBib$Z2$F96227 $H $81 941 1 $a8 961 $aINV: 89783 996 $6020$a3525562799$9(OLS)http://pul/number/96928 996 $6245$aDer andere Aufbruch :$bdie Lutherrenaisance-Ursprünge, Aporien und Wege : Karl Holl, Emmanuel Hirsch, Rudolf Hermann (1910-1935)$9(OLS)http://pul/title/97967 996 $6260$aGöttingen :$bVandenhoeck & Ruprecht$9(OLS)http://pul/publisher/47973 LEADER 01341nam a2200313 a 4500 001 000000175968 003 CaOOAMICUS 005 20230627115415.0 008 230627s2023 it u000 u ita r 020 $a979-12-5477-253-9 032 $aLibriCat 040 $aPUL$bita 082 04$a347.4505 100 1 $aBiavati, Paolo,$d1953-$0(OLS)http://pul/name/39380 245 00$aArgomenti di diritto processuale civile /$cPaolo Biavati. 250 $aSesta edizione aggiornata al d.lgs. n. 149 del 10 ottobre 2022. 260 $aBologna :$bBononia University Press,$c©2023. 300 $a913 pagine ;$c24 cm. 490 1 $aTerminus. Manuali 650 4$aDiritto processuale civile$zItalia$vManuali, trattati, ecc.$0(OLS)http://pul/subject/26460 830 0$aTerminus.$bManuali.$0(OLS)http://pul/title/217458 850 $aPUL 852 $aPUL$W1$xSL Diritto e Scienze Sociali 3$y79$m347. 4505 BIAPA 1$j200134$qDDC 21$B204916$CPULBib$Z2$F204916 $H136351 $82 941 1 $a9 996 $6020$a979-12-5477-253-9$9(OLS)http://pul/number/169210 996 $6082$a347.4505$9(OLS)http://pul/classification/2032 996 $6245$aArgomenti di diritto processuale civile$9(OLS)http://pul/title/217457 996 $6260$aBologna :$bBononia University Press$9(OLS)http://pul/publisher/79363